Návrh rozpočtu ráta s 3,5 miliardov korún na vedu a výskum

Príprava návrhu zásad štátnej vednej a technickej politiky MŠ SR. Súvis so štátnym rozpočtom na rok 1999, kde sa sumarizujú prostriedky na vedu. MŠ SR, SAV a príslušné rezorty majú vypracovať analýzu výskumu a vývoja z hľadiska výsledkov a ich uplatnenia v praxi. Piaty rámcový program EÚ pre výskum...

ver descrição completa

Na minha lista:
Detalhes bibliográficos
Autor principal: Reiselová, Eva
Formato: Capítulo de Livro
Idioma:eslovaco
Assuntos:
Tags: Adicionar Tag
Sem tags, seja o primeiro a adicionar uma tag!

MARC

LEADER 00000naa a2200000 4500
001 r034360
005 20230921103259.7
041 0 |a slo 
044 |a SK 
245 1 0 |a Návrh rozpočtu ráta s 3,5 miliardov korún na vedu a výskum  |c Eva Reiselová 
520 |a Príprava návrhu zásad štátnej vednej a technickej politiky MŠ SR. Súvis so štátnym rozpočtom na rok 1999, kde sa sumarizujú prostriedky na vedu. MŠ SR, SAV a príslušné rezorty majú vypracovať analýzu výskumu a vývoja z hľadiska výsledkov a ich uplatnenia v praxi. Piaty rámcový program EÚ pre výskum a technický rozvoj. Počet udelených Nobelových cien za posledných dvadsať rokov. 
610 2 0 |a veda 
610 2 0 |a výskum 
610 2 0 |a vývoj 
610 2 0 |a financovanie vedy 
610 2 0 |a financovanie výskumu 
610 2 0 |a financovanie vývoja 
610 2 0 |a Nobelova cena 
610 2 0 |a Slovensko 
610 2 0 |a rozpočet štátny 
100 1 |a Reiselová, Eva